000 00556nam a2200205 a 4500
001 11113
003 CO-ViMGA
008 141112s2004 ck r 000 u spa d
020 _a968190253X
040 _aCO-ViMGA
_bspa
_cCO-ViMGA
082 0 4 _aEC863.6 V17v
100 1 _aVásconez, Javier
_911784
245 1 0 _aEl viajero de praga
250 _aMexico, Alfaguara editores, 1996
260 _aMexico,
_cAlfaguara editores,
_c1986
300 _a303 p.
650 1 4 _aNOVELA ECUATORIANA
_911785
650 1 4 _aVIDA COTIDIANA NOVELA
_911786
942 _2ddc
_cBK
999 _c22327
_d22327